| 000 | 01075nam a2200253Ia 4500 | ||
|---|---|---|---|
| 999 |
_c55896 _d55896 |
||
| 001 | 22994 | ||
| 003 | GE_BSU | ||
| 005 | 20230504122022.0 | ||
| 008 | 181216s1998||||ge |||||||||||||| ||geo|| | ||
| 040 | _cGE_BSU | ||
| 041 | _ageo | ||
| 080 | _a821.353.1.09 ხ-20 | ||
| 100 |
_aხალვაში, რამაზ _92151 |
||
| 245 |
_aტბელ აბუსერიძის სახისმეტყველება / _cრამაზ ხალვაში; [რედ.: რევაზ სირაძე]. |
||
| 264 |
_aბათუმი : _bაჭარა, _c1998. |
||
| 300 |
_a112 გვ. ; _b20 სმ. |
||
| 504 | _aბიბლიოგრ. ტექსტის შენიშვ. | ||
| 520 | _a რეზ. რუს. ენ. | ||
| 541 | _h5 ლ. | ||
| 653 | _aტბელ აბუსერიძის სახისმეტყველება | ||
| 653 | _aძველი ქართული ლიტერატურა | ||
| 700 |
_aსირაძე, რევაზ _eრედაქტორი _95771 |
||
| 942 |
_cBK _2udc |
||